Normal view
MARC view
- Sabri, Khadim Hussain Chishti
Entry Personal Name
001 - CONTROL NUMBER
- control field: 6754
003 - CONTROL NUMBER IDENTIFIER
- control field: NUST
005 - DATE AND TIME OF LATEST TRANSACTION
- control field: 20171123122512.0
008 - FIXED-LENGTH DATA ELEMENTS
- fixed length control field: 171123|| aca||aabn | a|a d
040 ## - CATALOGING SOURCE
- Original cataloging agency: NUST
- Transcribing agency: NUST
100 ## - HEADING--PERSONAL NAME
- Personal name: Sabri, Khadim Hussain Chishti
670 ## - SOURCE DATA FOUND
- Source citation: Work cat.: (NUST): Sabri, Khadim Hussain Chishti, Fazail darud sharif /, 2012
